000
00316 a2200133 4500
999
_c
12719
_d
12719
008
240704b ||||| |||| 00| 0 eng d
020
_a
9783038603528
082
_a
720
100
_a
Ulf Meyer
245
_a
Gewers Pudewill Tailor Made Architecture
260
_b
Park Books
_c
2023
300
_a
529p;
942
_2
ddc